000
00303nam a22001337a 4500
003
SGT
082
_a
320.954
_b
DUT
100
_a
DUTTA PRIYADARSHI
245
_a
INDIA THE MAINSPRING OF DEMOCRATIC TRADITIONS
260
_a
INDIA
_c
2023
_b
ICCR PUB
300
_a
XCIV
650
_a
BJMC
942
_2
ddc
_c
BK
999
_c
32121
_d
32121